Yugioh Instant Win Cards - Statistics

General Stats
  • This quiz has been taken 214 times
  • The average score is 5 of 11
Answer Stats
Hint Answer % Correct
Get all five pieces of this card in your hand to win; used by Yugi in the anime Exodia the Forbidden One
99%
Place the letters F-I-N-A-L in your spell and trap card zones once per turn to win; used by Yami Bakura in the anime Destiny Board
67%
Survive 20 turns after activation to win the duel Final Countdown
67%
Each Player Special Summons one Monster which battle each other; whichever one wins wins the duel; currently banned Last Turn
42%
Damage the opponent 3 times by battle with this card to get 3 hyper venom counters on it to win; used by Thelonius Viper in the anime Vennominaga the Deity of Poisonous Snakes
40%
Get all five pieces of the above answer in the graveyard by sending one every time you attack with this card; used by Gozaboro Kaiba and Adrian Gecko in the anime Exodius the Ultimate Forbidden Lord
33%
Get three of this magic card destroyed by card effect and sent to the graveyard by your opponent; once three are banished via this effect you win the duel Jackpot 7
31%
Get 10 XYZ materials on this card to win the duel; part of Ghostrick archetype Ghostrick Angel of Mischief
29%
XYZ monster requiring 3 level 8 monsters; win by adding three Destiny Counters to this card by having no spell or trap cards on the field Number 88: Gimmick Puppet of Leo
29%
Win by summoning it; Requires having Obelisk the Tormentor, Slifer the Sky Dragon. and the Winged Dragon of Ra on the field at the same time; used by Yami/Atem in the Anime Holactie Creator of Light
27%
Can only be summoned by using a rank up magic spell on previous card; if this card has no XYZ material on it and the opponents LP is 2000 of less, you win the duel Number C88: Gimmick Puppet Disaster Leo
25%
No matching quizzes found
Score Distribution
Percent of People with Each Score
Percentile by Number Answered
Your Score History
You have not taken this quiz